[Event "SWE-chT 1819 Elite"]
[Site "Sweden"]
[Date "2019.02.02"]
[Round "5.2"]
[White "Jogstad, Martin"]
[Black "Penalver, Osmani"]
[Result "1-0"]
[WhiteElo "2274"]
[BlackElo "2254"]
[PlyCount "101"]
[EventDate "2018.11.09"]
[EventType "team-tourn"]
[EventRounds "9"]
[EventCountry "SWE"]
[SourceTitle "CBM 189 Extra"]
[Source "ChessBase"]
[SourceDate "2019.06.03"]
[SourceVersion "1"]
[SourceVersionDate "2019.06.03"]
[SourceQuality "1"]
[WhiteTeam "Lunds"]
[BlackTeam "Limhamn"]
[WhiteTeamCountry "SWE"]
[BlackTeamCountry "SWE"]

1. d4 Nf6 2. c4 e6 3. g3 d5 4. Nf3 dxc4 5. Bg2 c5 6. 0-0 Nc6 7. Qa4 Qa5 8. Qxa5 Nxa5 9. Ne5 Nd7 10. Bd2 Nxe5 11. dxe5 Nc6 12. Na3 Be7 13. Nxc4 0-0 14. Rfd1 Rb8 15. Bc3 Rd8 16. Rxd8+ Nxd8 17. Rd1 b5 18. Nd6 Ba6 19. b4 cxb4 20. Bxb4 Nb7 21. Rc1 Nxd6 22. exd6 Bd8 23. d7 Bb6 24. Be7 b4 25. Rc6 f6 26. Rxb6 axb6 27. d8Q+ Rxd8 28. Bxd8 Bc4 29. Bxb6 Bxa2 30. Bc5 Bc4 31. Kf1 b3 32. Ba3 Kf7 33. Ke1 g5 34. Kd2 f5 35. e3 e5 36. Kc3 Be6 37. Bc6 f4 38. exf4 exf4 39. gxf4 Kf6 40. fxg5+ Kxg5 41. Ba4 b2 42. Kxb2 Kg4 43. Bd6 Kh3 44. Be8 Bg4 45. Kc3 Kg2 46. Bg3 h5 47. h4 Kh3 48. Kd4 Kg2 49. Ke5 Kh3 50. Kf4 Kg2 51. Kg5 1-0

[Event "SWE-chT 1819 Elite"]
[Site "Sweden"]
[Date "2018.11.10"]
[Round "2.1"]
[White "Bellon Lopez, Juan Manuel"]
[Black "Penalver, Osmani"]
[Result "1-0"]
[WhiteElo "2337"]
[BlackElo "2254"]
[PlyCount "63"]
[EventDate "2018.11.09"]
[EventType "team-tourn"]
[EventRounds "9"]
[EventCountry "SWE"]
[SourceTitle "CBM 187 Extra"]
[Source "ChessBase"]
[SourceDate "2018.11.04"]
[SourceVersion "1"]
[SourceVersionDate "2018.11.04"]
[SourceQuality "1"]
[WhiteTeam "Wasa"]
[BlackTeam "Limhamn"]
[WhiteTeamCountry "SWE"]
[BlackTeamCountry "SWE"]

1. d4 Nf6 2. Bf4 e6 3. e3 c5 4. c3 Nc6 5. Nd2 d5 6. Ngf3 Qb6 7. Qb3 c4 8. Qc2 Nh5 9. Be5 f6 10. Bg3 f5 11. Be2 Be7 12. Ne5 Nxg3 13. hxg3 Nxe5 14. dxe5 g6 15. g4 fxg4 16. Bxg4 0-0 17. Ke2 Bd7 18. Rh6 Rf7 19. Rah1 Raf8 20. Qxg6+ Rg7 21. Bxe6+ Bxe6 22. Qxe6+ Qxe6 23. Rxe6 Rxg2 24. Nf3 Rg7 25. Reh6 Rf5 26. Rd1 Rgf7 27. Rh3 b5 28. Rxd5 b4 29. Rd4 bxc3 30. bxc3 Ba3 31. Rxc4 Rb7 32. Kd3 1-0

[Event "SWE-chT 1617"]
[Site "Sweden"]
[Date "2016.10.15"]
[Round "2.1"]
[White "Lindberg, Bo"]
[Black "Penalver, Osmani"]
[Result "1/2-1/2"]
[WhiteElo "2402"]
[BlackElo "2236"]
[PlyCount "139"]
[EventDate "2016.10.14"]
[EventType "team-tourn"]
[EventRounds "9"]
[EventCountry "SWE"]
[SourceTitle "EXT 2017"]
[Source "ChessBase"]
[SourceDate "2016.10.25"]
[SourceVersion "1"]
[SourceVersionDate "2016.10.25"]
[SourceQuality "1"]
[WhiteTeam "Team Viking"]
[BlackTeam "Limhamn"]
[WhiteTeamCountry "SWE"]
[BlackTeamCountry "SWE"]

1. Nf3 Nf6 2. c4 e6 3. Nc3 Bb4 4. Qc2 0-0 5. a3 Bxc3 6. Qxc3 c5 7. b4 b6 8. Bb2 Bb7 9. e3 d6 10. Be2 Nbd7 11. 0-0 e5 12. d4 Ne4 13. Qc2 Ng5 14. Qf5 Bxf3 15. Bxf3 g6 16. Qg4 h5 17. Qg3 Nxf3+ 18. Qxf3 Qe7 19. dxe5 Nxe5 20. Qd5 Rac8 21. Rac1 Qe6 22. Rfd1 cxb4 23. Bxe5 Qxe5 24. axb4 Qxd5 25. Rxd5 Rfd8 26. Kf1 Kf8 27. Ke2 Ke7 28. Rd4 d5 29. c5 Rc6 30. Ra1 bxc5 31. bxc5 Rxc5 32. Rxa7+ Rd7 33. Ra2 Rdc7 34. Kf3 Ke6 35. Rad2 R7c6 36. Kf4 Rc4 37. Kg5 Rxd4 38. exd4 Ke7 39. Re2+ Kf8 40. Ra2 Kg7 41. Kf4 Re6 42. f3 Kf6 43. h4 Re1 44. Ra6+ Ke7 45. g3 Re2 46. Kg5 Rd2 47. Ra4 Rf2 48. Ra3 Re2 49. Rd3 Re1 50. Kf4 Kf6 51. Ra3 Re2 52. Ra6+ Ke7 53. Kg5 Rd2 54. Ra7+ Ke6 55. Ra3 Re2 56. Ra6+ Ke7 57. g4 hxg4 58. fxg4 Re4 59. h5 gxh5 60. gxh5 Kf8 61. Ra8+ Kg7 62. h6+ Kh7 63. Ra4 Kh8 64. Kf6 Kh7 65. Kg5 Kh8 66. Rb4 Kh7 67. Rb7 Rxd4 68. Rxf7+ Kh8 69. Kg6 Rg4+ 70. Kf5 1/2-1/2

[Event "SWE-chT 1415 Superettan"]
[Site "Sweden"]
[Date "2015.03.21"]
[Round "8"]
[White "Penalver, Osmani"]
[Black "Petrov, Marian"]
[Result "0-1"]
[WhiteElo "2289"]
[BlackElo "2499"]
[PlyCount "172"]
[EventDate "2014.11.21"]
[EventType "team-tourn"]
[EventRounds "9"]
[EventCountry "SWE"]
[SourceTitle "EXT 2018"]
[Source "ChessBase"]
[SourceDate "2017.10.13"]
[SourceVersion "1"]
[SourceVersionDate "2017.10.13"]
[SourceQuality "1"]
[WhiteTeam "Limhamn II"]
[BlackTeam "Umea Rockaden"]
[WhiteTeamCountry "SWE"]
[BlackTeamCountry "SWE"]

1. d4 g6 2. c4 Bg7 3. e4 c5 4. d5 d6 5. f3 e6 6. a4 Nf6 7. Ne2 0-0 8. Bg5 h6 9. Be3 exd5 10. cxd5 Nbd7 11. Nec3 Nh7 12. Qd2 f5 13. exf5 gxf5 14. Be2 Re8 15. Bf2 Ne5 16. 0-0 a6 17. Na3 Bd7 18. a5 Rb8 19. Nc4 Nxc4 20. Bxc4 Qg5 21. Qc2 Be5 22. g3 Nf6 23. Kh1 Qh5 24. f4 Bxc3 25. Qxc3 Ng4 26. h4 Kf7 27. b4 Rbc8 28. Bg1 Nf6 29. bxc5 Ne4 30. Qd3 Qg4 31. Kh2 Nxc5 32. Bxc5 Rxc5 33. Rae1 Rec8 34. Rc1 Qg7 35. Rfe1 Rxa5 36. Qb1 Ra3 37. Bd3 b5 38. Rxc8 Bxc8 39. Qc2 Rc3 40. Qe2 Qf8 41. Qh5+ Kg7 42. Re8 Qf7 43. Qe2 Kf6 44. Rh8 Kg7 45. Re8 Qxd5 46. Re7+ Kf8 47. Re8+ Kg7 48. Re7+ Kf6 49. Rh7 Be6 50. Qh5 Bf7 51. Qxh6+ Ke7 52. Qg5+ Kd7 53. Bxf5+ Kc6 54. Qf6 Rc1 55. Kh3 Qf3 56. Be4+ Qxe4 57. Qxf7 Kb6 58. Rh8 Qe2 59. Qd5 Rd1 60. Rb8+ Ka5 61. Qg2 Qe6+ 62. Kh2 b4 63. f5 Qc4 64. f6 Rc1 65. f7 Qxf7 66. Qd2 Rc3 67. Qg5+ Ka4 68. Qd2 Qc4 69. Kh3 d5 70. Rd8 Qf1+ 71. Kh2 Qc4 72. Kh3 Rd3 73. Qe1 Qc3 74. Qf2 b3 75. Qf4+ Rd4 76. Qd6 a5 77. Qf6 b2 78. Rxd5 Rc4 79. Qf5 Qe1 80. Qd7+ Ka3 81. Rd3+ Ka2 82. Qd5 Qf1+ 83. Kh2 Qe2+ 84. Kh3 Qg4+ 85. Kh2 a4 86. Rc3 b1Q 0-1

[Event "SWE-chT 1415 Elite"]
[Site "Sweden"]
[Date "2015.01.31"]
[Round "5"]
[White "Dragicevic, Drazen"]
[Black "Penalver, Osmani"]
[Result "0-1"]
[WhiteElo "2289"]
[BlackElo "2272"]
[PlyCount "102"]
[EventDate "2014.11.21"]
[EventType "team-tourn"]
[EventRounds "9"]
[EventCountry "SWE"]
[SourceTitle "EXT 2016"]
[Source "ChessBase"]
[SourceDate "2015.10.08"]
[SourceVersion "1"]
[SourceVersionDate "2015.10.08"]
[SourceQuality "1"]
[WhiteTeam "Lunds"]
[BlackTeam "Limhamn"]
[WhiteTeamCountry "SWE"]
[BlackTeamCountry "SWE"]

1. Nf3 Nf6 2. c4 e6 3. g3 b6 4. Bg2 Bb7 5. 0-0 Be7 6. b3 0-0 7. Bb2 Ne4 8. Qc2 f5 9. d3 Ng5 10. Nxg5 Bxg2 11. Nxe6 dxe6 12. Kxg2 Qe8 13. Nd2 Nd7 14. Nf3 Qh5 15. Ne5 Nxe5 16. Bxe5 Bf6 17. Qb2 f4 18. gxf4 Bxe5 19. Qxe5 Rf5 20. Qxe6+ Kh8 21. Qe4 Re8 22. Qf3 Qh6 23. e3 g5 24. Rg1 gxf4 25. e4 Rg5+ 26. Kh1 Rh5 27. Rg2 Rh3 28. Qe2 Qf6 29. Qf1 f3 30. Rg4 Rg8 31. Rxg8+ Kxg8 32. Re1 Rh6 33. Re3 Qf4 34. h3 Rg6 35. e5 Rg2 36. Qxg2+ fxg2+ 37. Kxg2 Qh4 38. e6 Kf8 39. e7+ Ke8 40. Kf1 Qf6 41. d4 Qxd4 42. a4 h5 43. Kg2 h4 44. Kf1 Qd1+ 45. Kg2 a6 46. f4 Qc2+ 47. Kf3 Qf5 48. Kf2 Qxf4+ 49. Ke2 Qh2+ 50. Ke1 Qc2 51. Kf1 Qd2 0-1

[Event "SWE-chT 1415 Elite"]
[Site "Sweden"]
[Date "2015.01.31"]
[Round "6"]
[White "Gustafsson, Fredrik"]
[Black "Penalver, Osmani"]
[Result "1-0"]
[WhiteElo "2166"]
[BlackElo "2272"]
[PlyCount "57"]
[EventDate "2014.11.21"]
[EventType "team-tourn"]
[EventRounds "9"]
[EventCountry "SWE"]
[SourceTitle "EXT 2016"]
[Source "ChessBase"]
[SourceDate "2015.10.08"]
[SourceVersion "1"]
[SourceVersionDate "2015.10.08"]
[SourceQuality "1"]
[WhiteTeam "Eksjo"]
[BlackTeam "Limhamn"]
[WhiteTeamCountry "SWE"]
[BlackTeamCountry "SWE"]

1. e4 c5 2. Nc3 d6 3. g3 Nc6 4. Bg2 e5 5. d3 h5 6. h4 Bg4 7. f3 Be6 8. Bh3 Qd7 9. Nd5 0-0-0 10. c3 f5 11. b4 cxb4 12. c4 Kb8 13. Be3 Nge7 14. a3 b3 15. Qxb3 Nd4 16. Bxd4 exd4 17. Rb1 g6 18. Rh2 Ka8 19. Rhb2 Bxd5 20. cxd5 Rb8 21. Ne2 Bg7 22. Qb4 Rhe8 23. Kf2 Qd8 24. Nf4 Bh6 25. Ne6 Nxd5 26. exd5 Qe7 27. Qxd4 f4 28. Rb4 Rec8 29. Qxa7+ 1-0

[Event "SWE-chT 1314"]
[Site "Sweden"]
[Date "2014.03.09"]
[Round "9.1"]
[White "Penalver, Osmani"]
[Black "Bellon Lopez, Juan Manuel"]
[Result "1-0"]
[WhiteElo "2258"]
[BlackElo "2381"]
[PlyCount "99"]
[EventDate "2013.11.22"]
[EventType "team-tourn"]
[EventRounds "9"]
[EventCountry "SWE"]
[SourceTitle "EXT 2015"]
[Source "ChessBase"]
[SourceDate "2014.11.20"]
[SourceVersion "1"]
[SourceVersionDate "2014.11.20"]
[SourceQuality "1"]
[WhiteTeam "Limhamn"]
[BlackTeam "Stockholm Viking"]
[WhiteTeamCountry "SWE"]
[BlackTeamCountry "SWE"]

1. d4 Nf6 2. c4 c5 3. d5 e5 4. Nc3 d6 5. e4 Be7 6. f3 0-0 7. Be3 Ne8 8. g4 Bh4+ 9. Kd2 a6 10. Kc2 g6 11. Nge2 Ng7 12. Rg1 Nd7 13. Qd2 Nf6 14. Ng3 Kh8 15. Bd3 Bd7 16. Rg2 Ng8 17. Rag1 b5 18. Kb1 bxc4 19. Bxc4 f6 20. Ka1 Qe7 21. Qd3 Ne8 22. Bxa6 Nc7 23. Bc4 Ra5 24. Nge2 Bg5 25. Nc1 Bxe3 26. Qxe3 Rb8 27. h4 Rb4 28. b3 g5 29. Nd3 Rb8 30. Rb1 Ra3 31. Qc1 Raa8 32. b4 cxb4 33. Rxb4 gxh4 34. Rxb8 Rxb8 35. Qh1 Nh6 36. Qxh4 Nf7 37. Rb2 Rxb2 38. Nxb2 Ng5 39. Qf2 Qd8 40. Qb6 Nxf3 41. Qxd6 Ng5 42. Nb5 Nxe4 43. Qxc7 Qxc7 44. Nxc7 Bxg4 45. a4 h5 46. a5 Bc8 47. a6 Bxa6 48. Bxa6 Kg7 49. Bd3 Nc5 50. Ne6+ 1-0

[Event "SWE-chT 1314"]
[Site "Sweden"]
[Date "2014.02.01"]
[Round "5.1"]
[White "Penalver, Osmani"]
[Black "Ornstein, Axel"]
[Result "1/2-1/2"]
[WhiteElo "2258"]
[BlackElo "2331"]
[PlyCount "71"]
[EventDate "2013.11.22"]
[EventType "team-tourn"]
[EventRounds "9"]
[EventCountry "SWE"]
[SourceTitle "EXT 2015"]
[Source "ChessBase"]
[SourceDate "2014.11.20"]
[SourceVersion "1"]
[SourceVersionDate "2014.11.20"]
[SourceQuality "1"]
[WhiteTeam "Limhamn"]
[BlackTeam "Eksjo"]
[WhiteTeamCountry "SWE"]
[BlackTeamCountry "SWE"]

1. d4 Nf6 2. c4 e6 3. Nc3 Bb4 4. f3 c5 5. d5 exd5 6. cxd5 d6 7. e4 0-0 8. Bg5 Nbd7 9. a3 Ba5 10. Nh3 h6 11. Be3 a6 12. Be2 b5 13. 0-0 c4 14. Nf2 Bb6 15. Bxb6 Qxb6 16. b3 Qe3 17. Rc1 cxb3 18. Re1 b2 19. Rc2 Ne5 20. Bf1 Qb6 21. Rxb2 Bd7 22. Qd2 Rfc8 23. Ncd1 Nc4 24. Bxc4 Rxc4 25. Ne3 Ra4 26. Rc1 Rc8 27. Rxc8+ Bxc8 28. Qc1 Bd7 29. Rb4 Rxb4 30. axb4 a5 31. bxa5 Qxa5 32. Nd3 Ne8 33. g4 Nc7 34. Nf5 Bxf5 35. gxf5 b4 36. Nxb4 1/2-1/2

[Event "SWE-chT 1213"]
[Site "Sweden"]
[Date "2013.03.17"]
[Round "9"]
[White "Mardell, Jimmy"]
[Black "Penalver, Osmani"]
[Result "0-1"]
[WhiteElo "2164"]
[BlackElo "2267"]
[PlyCount "74"]
[EventDate "2012.10.05"]
[EventType "team-tourn"]
[EventRounds "9"]
[EventCountry "SWE"]
[SourceTitle "EXT 2014"]
[Source "ChessBase"]
[SourceDate "2013.11.20"]
[SourceVersion "1"]
[SourceVersionDate "2013.11.20"]
[SourceQuality "1"]
[WhiteTeam "Umea Rockaden"]
[BlackTeam "Limhamn"]
[WhiteTeamCountry "SWE"]
[BlackTeamCountry "SWE"]

1. e4 c5 2. Nf3 d6 3. d4 cxd4 4. Nxd4 Nf6 5. Nc3 a6 6. Bg5 e6 7. f4 h6 8. Bh4 Qb6 9. Qd2 Qxb2 10. Nb3 Qa3 11. Be2 Qb4 12. Bxf6 gxf6 13. 0-0 Nd7 14. Kh1 h5 15. Qe3 Qb6 16. Qh3 h4 17. Rad1 Nc5 18. f5 Bd7 19. Rf4 Rc8 20. Rxh4 Rxh4 21. Qxh4 Nxb3 22. axb3 Qe3 23. Qh7 Rxc3 24. Bh5 Qh6 25. Qxf7+ Kd8 26. fxe6 Bxe6 27. Qxe6 Qxh5 28. Qxf6+ Kd7 29. Re1 Re3 30. Rf1 Be7 31. Qf2 Rxe4 32. Qb6 Qd5 33. c4 Qc6 34. Qf2 Qc5 35. Qf3 Qe3 36. Qf5+ Kc7 37. c5 dxc5 0-1

[Event "SWE-chT 1213"]
[Site "Sweden"]
[Date "2012.10.05"]
[Round "1"]
[White "Penalver, Osmani"]
[Black "Ornstein, Axel"]
[Result "0-1"]
[WhiteElo "2267"]
[BlackElo "2361"]
[PlyCount "76"]
[EventDate "2012.10.05"]
[EventType "team-tourn"]
[EventRounds "9"]
[EventCountry "SWE"]
[SourceTitle "EXT 2014"]
[Source "ChessBase"]
[SourceDate "2013.11.20"]
[SourceVersion "1"]
[SourceVersionDate "2013.11.20"]
[SourceQuality "1"]
[WhiteTeam "Limhamn"]
[BlackTeam "Eksjo"]
[WhiteTeamCountry "SWE"]
[BlackTeamCountry "SWE"]

1. d4 Nf6 2. c4 e6 3. g3 c5 4. d5 exd5 5. cxd5 d6 6. Bg2 g6 7. Nc3 Bg7 8. Nf3 0-0 9. 0-0 Re8 10. Bf4 Ne4 11. Nxe4 Rxe4 12. Nd2 Rb4 13. a3 Rxf4 14. gxf4 Bxb2 15. Ra2 Bg7 16. Qb3 Nd7 17. a4 Rb8 18. e4 Nf6 19. Nc4 Nh5 20. f5 b6 21. Qf3 Ba6 22. Rc2 Bxc4 23. Rxc4 a6 24. fxg6 hxg6 25. Rc2 b5 26. Rb1 bxa4 27. Rxb8 Qxb8 28. Bf1 Qb1 29. Rc4 Qb3 30. Qg4 a3 31. Qc8+ Kh7 32. Qxa6 a2 33. Ra4 Qxa4 34. Qxa4 a1Q 35. Qd7 Qf6 36. Qh3 Qg5+ 37. Kh1 Be5 38. Be2 Kg7 0-1

[Event "SWE-chT 1112"]
[Site "Sweden"]
[Date "2012.03.11"]
[Round "9"]
[White "Penalver, Osmani"]
[Black "Engman, Rikard"]
[Result "1-0"]
[WhiteElo "2270"]
[BlackElo "2185"]
[PlyCount "67"]
[EventDate "2011.10.07"]
[EventType "team-tourn"]
[EventRounds "9"]
[EventCountry "SWE"]
[SourceTitle "EXT 2013"]
[Source "ChessBase"]
[SourceDate "2012.11.22"]
[SourceVersion "1"]
[SourceVersionDate "2012.11.22"]
[SourceQuality "1"]
[WhiteTeam "Limhamn"]
[BlackTeam "Umea Rockaden"]
[WhiteTeamCountry "SWE"]
[BlackTeamCountry "SWE"]

1. d4 Nf6 2. c4 e6 3. g3 c5 4. Nf3 cxd4 5. Nxd4 Bb4+ 6. Bd2 Qb6 7. e3 Nc6 8. Bg2 0-0 9. 0-0 d5 10. Bxb4 Qxb4 11. Qb3 Qxb3 12. axb3 Nxd4 13. exd4 Rd8 14. Rd1 Bd7 15. Nc3 Bc6 16. c5 Ne8 17. Ra3 Nc7 18. Bf1 a6 19. Rda1 Kf8 20. b4 Rab8 21. Ra5 Ke7 22. b5 axb5 23. Nxb5 Bxb5 24. Bxb5 Ra8 25. Bd3 h6 26. f4 Rxa5 27. Rxa5 Kd7 28. b4 Ra8 29. Rxa8 Nxa8 30. b5 Nc7 31. b6 Ne8 32. Bb5+ Kd8 33. Bxe8 Kxe8 34. c6 1-0

[Event "SWE-chT 1112"]
[Site "Sweden"]
[Date "2012.01.15"]
[Round "6"]
[White "Penalver, Osmani"]
[Black "Hultin, Johan"]
[Result "1/2-1/2"]
[WhiteElo "2270"]
[BlackElo "2307"]
[PlyCount "85"]
[EventDate "2011.10.07"]
[EventType "team-tourn"]
[EventRounds "9"]
[EventCountry "SWE"]
[SourceTitle "EXT 2013"]
[Source "ChessBase"]
[SourceDate "2012.11.22"]
[SourceVersion "1"]
[SourceVersionDate "2012.11.22"]
[SourceQuality "1"]
[WhiteTeam "Limhamn"]
[BlackTeam "Manhem"]
[WhiteTeamCountry "SWE"]
[BlackTeamCountry "SWE"]

1. d4 d5 2. c4 c6 3. Nf3 Nf6 4. Nc3 dxc4 5. a4 Bf5 6. e3 e6 7. Bxc4 Bb4 8. 0-0 0-0 9. Qb3 Qb6 10. Ne5 Ne4 11. Nxe4 Bxe4 12. a5 Bxa5 13. Rxa5 Qxa5 14. Qxb7 Bd5 15. Qxa8 Qc7 16. Bxd5 cxd5 17. e4 f6 18. Bf4 fxe5 19. Bxe5 Qc6 20. Qxc6 Nxc6 21. exd5 exd5 22. f4 g6 23. Rc1 Nxe5 24. fxe5 Rf4 25. Rd1 Re4 26. g3 a5 27. Ra1 Rxd4 28. Rxa5 Kf7 29. Ra7+ Ke6 30. Rxh7 Rd1+ 31. Kf2 Rd2+ 32. Ke3 Rxb2 33. Kf4 Rf2+ 34. Kg5 d4 35. Rh8 Kxe5 36. Re8+ Kd5 37. h4 d3 38. g4 Rg2 39. Rd8+ Ke4 40. Re8+ Kf3 41. Rf8+ Ke2 42. Re8+ Kf3 43. Rf8+ 1/2-1/2

[Event "SWE-chT 1011"]
[Site "Sweden"]
[Date "2011.03.12"]
[Round "10"]
[White "Penalver, Osmani"]
[Black "Lindberg, Bo"]
[Result "1/2-1/2"]
[WhiteElo "2264"]
[BlackElo "2388"]
[PlyCount "135"]
[EventDate "2010.10.08"]
[EventType "team-tourn"]
[EventRounds "11"]
[EventCountry "SWE"]
[SourceTitle "EXT 2012"]
[Source "ChessBase"]
[SourceDate "2011.11.24"]
[SourceVersion "1"]
[SourceVersionDate "2011.11.24"]
[SourceQuality "1"]
[WhiteTeam "Limhamn"]
[BlackTeam "Team Viking"]
[WhiteTeamCountry "SWE"]
[BlackTeamCountry "SWE"]

1. d4 f5 2. Nf3 Nf6 3. g3 g6 4. Bg2 Bg7 5. 0-0 0-0 6. b3 d6 7. Bb2 Ne4 8. Nfd2 d5 9. Nxe4 dxe4 10. Qd2 c5 11. c3 cxd4 12. cxd4 Nc6 13. Rd1 e5 14. d5 Nd4 15. Nc3 Rf7 16. Kh1 Bd7 17. e3 Nb5 18. Na4 b6 19. d6 Qe8 20. Bf1 Rd8 21. Bc4 Be6 22. Qb4 Bxc4 23. bxc4 Nxd6 24. Rxd6 Rxd6 25. Qxd6 Qxa4 26. Qd8+ Rf8 27. Qd5+ Rf7 28. Qd8+ Bf8 29. Qd5 Qd7 30. Bxe5 Qxd5 31. cxd5 Bg7 32. Bxg7 Kxg7 33. a4 Rd7 34. a5 Rxd5 35. axb6 axb6 36. Ra7+ Kf6 37. Rxh7 Rd1+ 38. Kg2 Ke5 39. g4 Rd6 40. Kg3 Rc6 41. Re7+ Re6 42. Rd7 fxg4 43. Kxg4 Rf6 44. Kg3 Rd6 45. Re7+ Kd5 46. Kf4 Rf6+ 47. Kg3 b5 48. Rd7+ Kc5 49. Re7 b4 50. Re5+ Kc4 51. Rxe4+ Kc3 52. Re8 b3 53. Rc8+ Kd2 54. Rb8 Kc2 55. f4 Rc6 56. Kg4 b2 57. e4 b1Q 58. Rxb1 Kxb1 59. f5 Kc2 60. Kg5 gxf5 61. exf5 Kd3 62. f6 Rc2 63. h4 Ke4 64. f7 Rf2 65. Kg6 Ke5 66. Kg7 Rg2+ 67. Kh7 Rf2 68. Kg7 1/2-1/2

[Event "SWE-chT 1011"]
[Site "Sweden"]
[Date "2011.02.05"]
[Round "7"]
[White "Penalver, Osmani"]
[Black "Akbarinia, Sayed Arash"]
[Result "0-1"]
[WhiteElo "2264"]
[BlackElo "2306"]
[PlyCount "104"]
[EventDate "2010.10.08"]
[EventType "team-tourn"]
[EventRounds "11"]
[EventCountry "SWE"]
[SourceTitle "EXT 2012"]
[Source "ChessBase"]
[SourceDate "2011.11.24"]
[SourceVersion "1"]
[SourceVersionDate "2011.11.24"]
[SourceQuality "1"]
[WhiteTeam "Limhamn"]
[BlackTeam "Kamraterna"]
[WhiteTeamCountry "SWE"]
[BlackTeamCountry "SWE"]

1. d4 d5 2. c4 c6 3. Nf3 Nf6 4. Nc3 dxc4 5. a4 e6 6. e3 Bb4 7. Bxc4 Ne4 8. Bd2 Nxd2 9. Nxd2 0-0 10. 0-0 Nd7 11. Nde4 e5 12. Qh5 Qe7 13. Rfe1 h6 14. Bb3 Kh8 15. d5 f5 16. dxc6 bxc6 17. Ng3 Nc5 18. Bc2 Qg5 19. Qxg5 hxg5 20. Red1 Rb8 21. Na2 Be6 22. Rd6 f4 23. Nf1 Bxa2 24. Rxa2 Rf6 25. Rd1 Rbf8 26. e4 Ne6 27. Rd3 Nd4 28. Bd1 Rd8 29. Bg4 Rfd6 30. Rh3+ Rh6 31. Rh5 Rxh5 32. Bxh5 Nb3 33. g3 a5 34. Kg2 Rd4 35. Bf7 Nc5 36. f3 g4 37. gxf4 exf4 38. Bg6 Nd3 39. Bh5 Ne1+ 40. Kf2 Nxf3 41. Bxg4 Ne5 42. Bf3 g5 43. h3 Rd3 44. Bg4 Bc5+ 45. Ke2 f3+ 46. Ke1 Rd4 47. Ra1 Rxe4+ 48. Kd1 Nxg4 49. hxg4 Rxg4 50. Kc2 Rg1 51. Rd1 g4 52. Nd2 Rg2 0-1

[Event "SWE-chT 1011"]
[Site "Sweden"]
[Date "2010.10.09"]
[Round "2.5"]
[White "Penalver, Osmani"]
[Black "Bjarnehag, Peter"]
[Result "1/2-1/2"]
[WhiteElo "2264"]
[BlackElo "2155"]
[PlyCount "38"]
[EventDate "2010.10.08"]
[EventType "team-tourn"]
[EventRounds "11"]
[EventCountry "SWE"]
[SourceTitle "CBM 138 Extra"]
[Source "ChessBase"]
[SourceDate "2010.10.29"]
[SourceVersion "1"]
[SourceVersionDate "2010.10.29"]
[SourceQuality "1"]
[WhiteTeam "Limhamn"]
[BlackTeam "Solna"]
[WhiteTeamCountry "SWE"]
[BlackTeamCountry "SWE"]

1. d4 Nf6 2. c4 c5 3. d5 g6 4. Nc3 Bg7 5. e4 0-0 6. Nf3 d6 7. Be2 e6 8. dxe6 Bxe6 9. 0-0 Nc6 10. Bf4 Qa5 11. Qxd6 Rad8 12. Qc7 Qb4 13. Bc1 Rd7 14. Qf4 Nh5 15. Qg5 Bf6 16. Qh6 Bg7 17. a3 Qa5 18. Qe3 Bd4 19. Qh6 Bg7 1/2-1/2